Human development report 2007/2008-Fighting climate change: Human solidarity in a divided World .Full text (Record no. 44830)

MARC details
000 -LEADER
fixed length control field 00413nam a2200121Ia 4500
020 ## - INTERNATIONAL STANDARD BOOK NUMBER
ISBN 9780230226241
082 ## - DEWEY DECIMAL CLASSIFICATION NUMBER
Classification number 330.34:504.38
Item number und
245 #0 - TITLE STATEMENT
Title Human development report 2007/2008-Fighting climate change: Human solidarity in a divided World .Full text
260 ## - PUBLICATION, DISTRIBUTION, ETC. (IMPRINT)
Place of publication New York
Name of publisher United Nations Development Programme(UNIDO)
Year of publication 2007
300 ## - PHYSICAL DESCRIPTION
Number of Pages 384p.
942 ## - ADDED ENTRY ELEMENTS (KOHA)
Koha item type Books
Holdings
Withdrawn status Lost status Damaged status Not for loan Home library Current library Date acquired Source of acquisition Full call number Accession Number Koha item type
        RRII Library RRII Library 16/12/2021 Gift 330.34:504.38 und G01573 Books